<?xml version="1.0" encoding="UTF-8"?>
<record
    xmlns:xsi="http://www.w3.org/2001/XMLSchema-instance"
    xsi:schemaLocation="http://www.loc.gov/MARC21/slim http://www.loc.gov/standards/marcxml/schema/MARC21slim.xsd"
    xmlns="http://www.loc.gov/MARC21/slim">

  <leader>02146nam a22003017a 4500</leader>
  <controlfield tag="003">DO-SdBNP</controlfield>
  <controlfield tag="005">20220316114054.0</controlfield>
  <controlfield tag="007">ta</controlfield>
  <controlfield tag="008">220204b19611977mx a|||f |||| 000 0 spa d</controlfield>
  <datafield tag="040" ind1=" " ind2=" ">
    <subfield code="a">DO-SdBNP</subfield>
    <subfield code="b">spa</subfield>
    <subfield code="c">BNPHU</subfield>
  </datafield>
  <datafield tag="082" ind1=" " ind2="4">
    <subfield code="a">370.15 </subfield>
    <subfield code="b">K637p</subfield>
    <subfield code="2">22</subfield>
  </datafield>
  <datafield tag="100" ind1="1" ind2=" ">
    <subfield code="a">Klausmeier, Herbert J.</subfield>
    <subfield code="9">81136</subfield>
  </datafield>
  <datafield tag="240" ind1="1" ind2=" ">
    <subfield code="a">Learning and human abilities: educational psychology</subfield>
    <subfield code="l">Espa&#xF1;ol </subfield>
  </datafield>
  <datafield tag="245" ind1="1" ind2="0">
    <subfield code="a">Psicolog&#xED;a educativa : </subfield>
    <subfield code="b">habilidades humanas y aprendizaje /</subfield>
    <subfield code="c">Herbert J. Klausmeier, William Goodwin ; traducci&#xF3;n Jes&#xFA;s Villamizar Herrera</subfield>
  </datafield>
  <datafield tag="260" ind1=" " ind2=" ">
    <subfield code="a">M&#xE9;xico, D. F. : </subfield>
    <subfield code="b">Harla,</subfield>
    <subfield code="c">1977.</subfield>
  </datafield>
  <datafield tag="300" ind1=" " ind2=" ">
    <subfield code="a">527 p. : </subfield>
    <subfield code="b">il., grafcs. ; </subfield>
    <subfield code="c">24 cm</subfield>
  </datafield>
  <datafield tag="500" ind1=" " ind2=" ">
    <subfield code="a">Incluye &#xED;ndice </subfield>
  </datafield>
  <datafield tag="500" ind1=" " ind2=" ">
    <subfield code="a">Incluye indice de autores. </subfield>
  </datafield>
  <datafield tag="504" ind1=" " ind2=" ">
    <subfield code="a">Bibliograf&#xED;a : p. 492-511.</subfield>
  </datafield>
  <datafield tag="505" ind1="0" ind2=" ">
    <subfield code="a">Cap&#xED;tulo. 1. </subfield>
    <subfield code="t">El aprendizaje y la ense&#xF1;anza --
</subfield>
    <subfield code="g">Cap&#xED;tulo 2.</subfield>
    <subfield code="t">Principios y condiciones del aprendizaje --</subfield>
    <subfield code="g">Capitulo 3. </subfield>
    <subfield code="t">Habilidades humanas -- </subfield>
    <subfield code="g">Capitulo 4.</subfield>
    <subfield code="t">Objetivos de la educaci&#xF3;n y de la ense&#xF1;anza </subfield>
    <subfield code="g">Capitulo 5. </subfield>
    <subfield code="t">Material did&#xE1;ctico y su tecnolog&#xED;a</subfield>
    <subfield code="g">Cap&#xED;tulo 6.</subfield>
    <subfield code="t">Desarrollo y variabilidad del ni&#xF1;o --</subfield>
    <subfield code="g">Capitulo 7.</subfield>
    <subfield code="t">Caracter&#xED;sticas de los profesores e interacciones con los estudiantes --</subfield>
    <subfield code="g">Capitulo 8.</subfield>
    <subfield code="t">Funciones del educador y sus relaciones con diferentes grupos --</subfield>
    <subfield code="g">Capitulo 9.</subfield>
    <subfield code="t">Motivaci&#xF3;n -- </subfield>
    <subfield code="g">Capitulo 10.</subfield>
    <subfield code="t">Informaci&#xF3;n f&#xE1;ctica y conocimiento --</subfield>
    <subfield code="g">Capitulo 11.</subfield>
    <subfield code="t">Conceptos y principios --</subfield>
    <subfield code="g">Capitulo 12.</subfield>
    <subfield code="t">Soluciones de problemas y creatividad --</subfield>
    <subfield code="g">Capitulo 13.</subfield>
    <subfield code="t">Destrezas psicomotoras y vocales --</subfield>
    <subfield code="g">Capitulo 14.</subfield>
    <subfield code="t">Actitudes y valores --</subfield>
    <subfield code="g">Capitulo 15.</subfield>
    <subfield code="t">Integraci&#xF3;n de la personalidad y disciplina --</subfield>
    <subfield code="g">Capitulo 16.</subfield>
    <subfield code="t">Retenci&#xF3;n y transferencia --</subfield>
    <subfield code="g">Capitulo 17.</subfield>
    <subfield code="t">Medici&#xF3;n educativa y psicolog&#xED;a --</subfield>
    <subfield code="g">Capitulo 18.</subfield>
    <subfield code="t">Evaluaci&#xF3;n aprendizaje de los estudiantes y de los programas de ense&#xF1;anza</subfield>
    <subfield code="g">Capitulo 19.</subfield>
    <subfield code="t">Estad&#xED;stica y dise&#xF1;o de investigaci&#xF3;n </subfield>
  </datafield>
  <datafield tag="590" ind1=" " ind2=" ">
    <subfield code="a">Inventariado, 2022 / SA</subfield>
  </datafield>
  <datafield tag="590" ind1=" " ind2=" ">
    <subfield code="a">Perteneci&#xF3; a la biblioteca personal de Barbara Suncar</subfield>
  </datafield>
  <datafield tag="650" ind1=" " ind2="4">
    <subfield code="a">Psicopedagog&#xED;a </subfield>
    <subfield code="9">81137</subfield>
  </datafield>
  <datafield tag="700" ind1="1" ind2=" ">
    <subfield code="9">47622</subfield>
    <subfield code="a">Goodwin, William  </subfield>
  </datafield>
  <datafield tag="700" ind1="1" ind2=" ">
    <subfield code="9">47622</subfield>
    <subfield code="a">Villamizar Herrera, Jes&#xFA;s,</subfield>
    <subfield code="e">tr.</subfield>
  </datafield>
  <datafield tag="910" ind1=" " ind2=" ">
    <subfield code="a">Saquino/Validado, 2022/MFF</subfield>
  </datafield>
  <datafield tag="942" ind1=" " ind2=" ">
    <subfield code="2">ddc</subfield>
    <subfield code="c">LBS1</subfield>
  </datafield>
  <datafield tag="952" ind1=" " ind2=" ">
    <subfield code="0">0</subfield>
    <subfield code="1">0</subfield>
    <subfield code="2">ddc</subfield>
    <subfield code="5">6</subfield>
    <subfield code="7">0</subfield>
    <subfield code="8">GR</subfield>
    <subfield code="a">BNPHU</subfield>
    <subfield code="b">BNPHU</subfield>
    <subfield code="c">HD</subfield>
    <subfield code="d">2015-07-21</subfield>
    <subfield code="e">Donado por Barbara Suncar </subfield>
    <subfield code="l">0</subfield>
    <subfield code="o">BNPHU GR 370.15  K63p</subfield>
    <subfield code="p">2022-0582</subfield>
    <subfield code="r">2022-02-04</subfield>
    <subfield code="w">2022-02-04</subfield>
    <subfield code="y">LBS1</subfield>
    <subfield code="z">Perteneci&#xF3; a la biblioteca personal Barbara Suncar</subfield>
  </datafield>
  <datafield tag="999" ind1=" " ind2=" ">
    <subfield code="c">51338</subfield>
    <subfield code="d">51338</subfield>
  </datafield>
</record>
